000
00296nam a2200133Ia 4500
008
231129s1970||||xx |||||||||||||| ||spa||
040
_b
spa
082
_a
F844 L159d
100
_a
Lafargue Paul
245
0
_a
El derecho a la pereza
260
_c
1970
264
_a
Grijalbo
942
_2
ddc
_c
BKS
999
_c
10787
_d
10787